000 00622nam a2200205Ia 4500
001 1215
003 GE_BSU
008 181216s||||||||xx |||||||||||||| ||und||
040 _cGE_BSU
080 _a574(479.22)
100 _aურუშაძე, თენგიზ
245 _aსაქართველოს ძირითადი ნიადაგები
260 _aთბილისი
260 _bმეცნიერება
260 _c1997
300 _a268 გვ. 19 სმ.
541 _h8 ლ.
653 _aსაქართველოს ნიადაგები
942 _cBK
999 _c35362
_d35362